Sree Narayana Guruswami jeevacharithram/ (Record no. 181859)

000 -LEADER
fixed length control field 00457nam a2200169 4500
020 ## - INTERNATIONAL STANDARD BOOK NUMBER
ISBN 9788119443819
082 ## - DEWEY DECIMAL CLASSIFICATION NUMBER
Classification number M NAR 294.561
Item number DAM/S
100 ## - MAIN ENTRY--AUTHOR NAME
Personal name Damodaran K Mayyanad
245 ## - TITLE STATEMENT
Title Sree Narayana Guruswami jeevacharithram/
Statement of responsibility, etc by Damodaran K Mayyanad
260 ## - PUBLICATION, DISTRIBUTION, ETC. (IMPRINT)
Place of publication Kozhikode:
Name of publisher Atma Books,
Year of publication 2024.
300 ## - PHYSICAL DESCRIPTION
Number of Pages 150p.
650 ## - SUBJECT ADDED ENTRY--TOPICAL TERM
Topical Term Biography Sree Narayana Guru
650 ## - SUBJECT ADDED ENTRY--TOPICAL TERM
Topical Term Biography Guru
650 ## - SUBJECT ADDED ENTRY--TOPICAL TERM
Topical Term Hinduism
650 ## - SUBJECT ADDED ENTRY--TOPICAL TERM
Topical Term Religion
942 ## - ADDED ENTRY ELEMENTS (KOHA)
Koha item type Book
Holdings
Withdrawn status Lost status Damaged status Not for loan Permanent Location Current Location Shelving location Date acquired Cost, normal purchase price Full call number Accession Number Price effective from Koha item type
        Sree Sankaracharya University of Sanskrit Sree Sankaracharya University of Sanskrit Stacks 29.05.2026 300.00 M NAR 294.561 DAM/S 108964 29.05.2026 Book